[Event "Warren Bottom-Half U1700 op"]
[Site "Warren"]
[Date "2003.06.21"]
[Round "2"]
[White "Dillabough, Troy"]
[Black "Sattler, Peter"]
[Result "0-1"]
[WhiteElo "1494"]
[BlackElo "1624"]
[PlyCount "58"]
[EventDate "2003.06.21"]
[EventType "swiss"]
[EventRounds "5"]
[EventCountry "USA"]
[SourceTitle "EXT 2008"]
[Source "ChessBase"]
[SourceDate "2007.11.25"]
[SourceVersion "1"]
[SourceVersionDate "2007.11.25"]
[SourceQuality "1"]

1. e4 c5 2. Nf3 Nc6 3. Bc4 d6 4. c3 Nf6 5. d3 e6 6. 0-0 Be7 7. Qe2 0-0 8. a3 a6 9. Rd1 e5 10. d4 cxd4 11. cxd4 Qc7 12. dxe5 dxe5 13. Nc3 Bg4 14. Be3 Rad8 15. Nd5 Nxd5 16. Bxd5 Bd7 17. Rac1 h6 18. Rd3 Qb8 19. Bb6 Rc8 20. Bxf7+ Kxf7 21. Rxd7 Nd4 22. Rxd4 exd4 23. Rd1 Kg8 24. Bxd4 Qf4 25. Be5 Qg4 26. h3 Qe6 27. Kh2 Rxf3 28. gxf3 Qxe5+ 29. Kg2 Bd6 0-1

[Event "Auburn Hills op"]
[Site "Auburn Hills"]
[Date "2002.04.28"]
[Round "5"]
[White "Hollinsworth, Galon"]
[Black "Dillabough, Troy"]
[Result "1-0"]
[WhiteElo "1534"]
[BlackElo "1444"]
[PlyCount "107"]
[EventDate "2002.04.26"]
[EventType "swiss"]
[EventRounds "5"]
[EventCountry "USA"]
[SourceTitle "EXT 2007"]
[Source "ChessBase"]
[SourceDate "2006.11.23"]
[SourceVersion "1"]
[SourceVersionDate "2006.11.23"]
[SourceQuality "1"]

1. e4 e5 2. Nf3 Nc6 3. d4 exd4 4. Bc4 Nf6 5. 0-0 d6 6. c3 dxc3 7. Nxc3 Be7 8. Re1 0-0 9. e5 dxe5 10. Nxe5 Nxe5 11. Rxe5 Bd6 12. Re2 Ng4 13. h3 Qh4 14. Ne4 Be5 15. Bg5 Qh5 16. f4 Bd6 17. hxg4 Bxg4 18. Nxd6 cxd6 19. Qe1 Bxe2 20. Bxe2 Qg6 21. Qf2 Rac8 22. Bf3 Rc2 23. Qxa7 Rxb2 24. Bxb7 Re8 25. Bc6 Reb8 26. Re1 h6 27. Bh4 Qg4 28. Bd5 Qh5 29. Bb3 Rc8 30. Qb7 Qc5+ 31. Kh1 Qf5 32. Bxf7+ Qxf7 33. Qxc8+ Kh7 34. Qc1 Qh5 35. Kh2 Qxh4+ 36. Kg1 Qf6 37. Rd1 h5 38. a4 Re2 39. Qb1+ Qg6 40. Qxg6+ Kxg6 41. Rxd6+ Kf5 42. Rd5+ Kxf4 43. Rxh5 g5 44. Rh8 Kg3 45. Rh3+ Kf4 46. Ra3 g4 47. Kf1 Rb2 48. g3+ Ke5 49. a5 Rb8 50. a6 Kd6 51. Ke2 Kc6 52. Ke3 Ra8 53. Kf4 Kb6 54. Kxg4 1-0